|
|
|
|
| LEADER |
01512nam a2200373Ia 4500 |
| 001 |
EBC295150 |
| 003 |
MiAaPQ |
| 005 |
20200520144314.0 |
| 006 |
m o d | |
| 007 |
cr cn||||||||| |
| 008 |
990511s1999 onca sb f000 0 eng d |
| 010 |
|
|
|z 99980192
|
| 020 |
|
|
|z 0889368171
|
| 035 |
|
|
|a (MiAaPQ)EBC295150
|
| 035 |
|
|
|a (Au-PeEL)EBL295150
|
| 035 |
|
|
|a (CaPaEBR)ebr10176393
|
| 035 |
|
|
|a (CaONFJC)MIL84974
|
| 035 |
|
|
|a (OCoLC)476062003
|
| 040 |
|
|
|a MiAaPQ
|c MiAaPQ
|d MiAaPQ
|
| 050 |
|
4 |
|a HF5415.124
|b .M375 1999
|
| 082 |
0 |
4 |
|a 025.5/2/0688
|2 21
|
| 245 |
0 |
0 |
|a Marketing information products and services
|h [electronic resource] :
|b a primer for librarians and information professionals /
|c editors, Abhinandan K. Jain ... [et al.].
|
| 260 |
|
|
|a Ottawa :
|b International Development Research Centre ;
|a New Delhi :
|b Tata McGraw-Hill Pub. Co.,
|c c1999.
|
| 300 |
|
|
|a xix, 462 p. :
|b ill.
|
| 504 |
|
|
|a Includes bibliographical references.
|
| 533 |
|
|
|a Electronic reproduction. Ann Arbor, MI : ProQuest, 2015. Available via World Wide Web. Access may be limited to ProQuest affiliated libraries.
|
| 650 |
|
0 |
|a Information services
|x Marketing.
|
| 650 |
|
0 |
|a Information resources
|x Marketing.
|
| 650 |
|
0 |
|a Marketing
|x Management.
|
| 655 |
|
4 |
|a Electronic books.
|
| 700 |
1 |
|
|a Jain, Abhinandan K.
|
| 710 |
2 |
|
|a International Development Research Centre (Canada)
|
| 710 |
2 |
|
|a ProQuest (Firm)
|
| 856 |
4 |
0 |
|u https://ebookcentral.proquest.com/lib/matrademy/detail.action?docID=295150
|z Click to View
|